1520 1731 1071 1278 1238 1953 1966 1772 1815 1780 1877 1673 1876 1549 1717 1057 1451 1827 1483 1700 1948 1207 1388 1883 1093 1035 1595 1368 1735 1589 1387 1689 1434 1359 1621 1638 1712 1482 1826 1303 1026 1890 1047 1091 1175 1234 1326 1400 1438 1677 1819 1628 1161 1630 1474 1906 1271 1122 1053 1101 1894 1792 1257 1980 1952 1755 1972 1300 1492 1119 1863 1467 1821 1453 1802 1103 1890 1915 1085 1843 1551 1807 1980 1656 1036 1436 1802 1033 1492 1497 1041 1990 1494 1078 1799 1617 1519 1873 1530 BCNSPRNW ULIB Ver.6.0+V

เปลี่ยนเป็นภาษาไทย

Change to English
 แสดงรายละเอียดบรรณานุกรม
  กลับหน้าหลัก

Brief Record : Get Marc (ISO 2709) : E-mail record : QR code < ปิดหน้าต่าง
LEADER : 00000nam 2200000uu 4500
001    13399121630
003     ULIB
008    121128s2550||||th 000 0 tha d
020    ^a9789740905172
060 04 ^aWS113^bว849ส
100 0  ^aวีรศักดิ์ ชลไชย
245 10 ^aสารพันปัญหาลูกน้อย/^cวีรศักดิ์ ชลไชย
250    ^aพิมพ์ครั้งที่ 1
260    ^aกรุงเทพฯ :^bคณะแพทยศาสตร์ จุฬาลงกรณ์มหาวิทยาลัย,^c2550
710 2  ^aจุฬาลงกรณ์มหาวิทยาลัย^bคณะแพทย์ศาสตร์
945    ^p90^l0^i15905
945    ^p90^l0^i15906
995    ^aวิภา
999 ^a ใช้งานได้ทุกระบบ
รายการนี้ยังไม่มีแท็ก
คุณยังไม่ได้ล็อกอิน คุณสามารถมีกิจกรรมร่วมกับเว็บไซต์ได้ แต่ต้องล็อกอินก่อน ::
  ล็อกอิน

รายการสื่อสารสนเทศ

ลำดับที่ ประเภท เลขเรียก/บาร์โค้ด สถานที่ สถานะ
- ไม่พบข้อมูล -

รายการใกล้เคียง
    ผู้แต่ง [วีรศักดิ์ ชลไชย]

BibComment


ยังไม่เคยถูกคอมเมนท์

คอมเมนท์ทรัพยากรรายการนี้
  คอมเมนท์: สารพันปัญหาลูกน้..


 Copyright 2026. Bcnsprnw @Library